000 01230cam a22003497a 4500
003 CHAP
005 20220329141832.0
008 971127d1997 mx r 00110 spa d
010 _a74577
011 _a75549
035 _a85113
040 _cCHAP
090 _aTesis
100 0 0 _aHernández Mendo, Antonio.
_954331
245 1 0 _aCaracterización del sistema de producción agrícola de roza-tumba-quema en la región de la Costa de Oaxaca
_c/por Antonio Hernández Mendo
260 _aChapingo, Méx. :
_bEl autor,
_c1997.
300 _a146 h. :
_bcuadros ; gráfs.
502 _aTesis (Ing. Agr. Esp. en Fitotecnia) -- UACH. Departamento de Fitotecnia
590 _aALEPH
_b10
_c20130110
_lUCH01
_h1420
590 _aBATCH-UPD
_b10
_c20130110
_lUCH01
_h0546
590 _aBATCH-UPD
_b10
_c20130410
_lUCH01
_h0227
590 _aBATCH-UPD
_b10
_c20130914
_lUCH01
_h0049
590 _aCONVERSION
_b10
_c20130109
_lUCH01
_h1341
650 1 4 _aAgricultura
_xOaxaca.
_91756
650 1 4 _aRoza.
_9100413
650 1 4 _aSistemas de cultivo.
_9106746
901 _aBK
905 _aLilia Sánchez G.
942 _cFOLL
949 _bBC
_cTES
_d33724000629382
_eTS2
_fc.2
_h31922
_i85113
_si
949 _bBC
_cTES
_d851131
_eTS1
_h31921
_i85113
_sb
999 _c74577
_d74577